Statistics for Greek Mythology; Heroes

Click here to take the quiz!

General Stats

  • This quiz has been taken 574 times
  • The average score is 7 of 9

Answer Stats

DescriptionGod/Hero% Correct
He bathed in the river Styx; his weakness was his heelAchilles
98%
"The Glory of Hera"; he completed the 12 Great LaborsHeracles
98%
He led the Argonauts to the Golden Fleece; the only son of Zeus favored by HeraJason
94%
He slayed Medusa; he married Andromeda when he returnedPerseus
94%
After the Trojan War, he took twenty years to return home(The Odyssey is written about him)Odysseus
88%
He was the greatest musician of all time; he married Eurydice, but when she died by a snake bite, he traveled to the underworld to try to save herOrpheus
70%
He was a skilled craftsman on the island of Crete; he created the labyrinth as the cage for the minotaur, but eventually King Minos locked him up for treason. He is the father of Icarus and LapyxDaedalus
66%
After surviving the Trojan War, he led the remaining Trojans to Italy; some stories credit him with the founding of RomeAeneas
53%
He quested for Pegasus many times; and eventually he found him, but his pride got the best of him when he died trying to fly to Mount OlympusBellerophon
42%

Score Distribution

Percentile by Number Answered

Percent of People with Each Score

Your Score History

You have not taken this quiz